| 000 | 00500pab a2200169 454500 | ||
|---|---|---|---|
| 008 | 180718b2015 xxu||||| |||| 00| 0 eng d | ||
| 100 | _aAkee, Randall K.Q. | ||
| 245 | _aThe Indian Gaming Regulatory Act and its effect on American Indian economic development | ||
| 260 | _c2015 | ||
| 300 | _ap.185-208. | ||
| 362 | _aSummer | ||
| 650 | _aEconomic conditions | ||
| 700 | _aTaylor, Jonathan B. | ||
| 700 | _aSpilde, Katherine A. | ||
| 773 | _aJournal of Economic Perspectives | ||
| 909 | _a109451 | ||
| 999 |
_c109446 _d109446 |
||